Places by Native Language - Statistics

General Stats
  • This quiz has been taken 21 times
  • The average score is 19 of 20
Answer Stats
Native City/County % Correct
15) Suomi Finland
100%
1) Deutschland Germany
100%
2) Den Haag The Hague
100%
12) Österreich Austria
95%
18) Beograd Belgrade
95%
9) București Bucharest
95%
8) København Copenhagen
95%
3) Firenze Florence
95%
10) Italia Italy
95%
14) Ciudad de México Mexico City
95%
13) Москва Moscow
95%
5) Praha Prague
95%
11) Slovensko Slovakia
95%
4) Espana Spain
95%
7) Warszawa Warsaw
95%
19) Magyarország Hungary
90%
6) Torino Turin
90%
16) Göteborg Gothenburg
85%
20) Hrvatska Croatia
80%
17) Бишкек Bishkek
65%
No matching quizzes found
Score Distribution
Percent of People with Each Score
Percentile by Number Answered
Your Score History
You have not taken this quiz